| 000 | 00907nam a22002057a 4500 | ||
|---|---|---|---|
| 005 | 20210325191101.0 | ||
| 008 | s2532 th tha d | ||
| 041 | _atha | ||
| 090 | _aว UA853.4 ต777ก 2532 | ||
| 100 | 0 | _aเติมศักดิ์ ปาลกะวงศ์ ณ อยุธยา | |
| 245 | 1 | 0 | _aการพัฒนาหน่วยรบพิเศษ เพื่อเผชิญภัยคุกคามในอนาคต |
| 260 | 3 |
_aกรุงเทพฯ : _bวิทยาลัยป้องกันราชอาณาจักร, _c2532 |
|
| 300 |
_a298 หน้า : แผนภูมิ : _b 28 ซม. |
||
| 650 | 0 | 4 | _aหน่วยรบพิเศษ -- วิจัย |
| 650 | 0 | 4 | _aการทหาร -- วิจัย |
| 850 | _aNALT | ||
| 942 | _cRSH | ||
| 997 |
_c000000000027353 _kVC |
||
| 998 | _aNISA LAUNGTONGKUM | ||
| 999 |
_c27353 _d27353 |
||